| Record ID | ia:physicsforscient0001fish |
| Source | Internet Archive |
| Download MARC XML | https://archive.org/download/physicsforscient0001fish/physicsforscient0001fish_marc.xml |
| Download MARC binary | https://www.archive.org/download/physicsforscient0001fish/physicsforscient0001fish_meta.mrc |
LEADER: 02462cam 2200673 a 4500
001 ocm52853938
003 OCoLC
005 20200826043044.0
008 030811s2005 njua 001 0 eng
010 $a 2003058209
040 $aDLC$beng$cDLC$dYDXCP$dBAKER$dNLGGC$dOCLCQ$dBTCTA$dU3Q$dDEBBG$dCUY$dOCLCF$dOCLCO$dOCLCQ$dCEF$dCSA$dOCLCQ
019 $a55621519$a57045299
020 $a0131418831$q(v. 1 ;$qalk. paper)
020 $a9780131418837$q(v. 1 ;$qalk. paper)
020 $a0131418815$q(v. 2)
020 $a9780131418813$q(v. 2)
020 $a0131418823$q(v. 3)
020 $a9780131418820$q(v. 3)
020 $a0131420941$q(standard version)
020 $a9780131420946$q(standard version)
035 $a(OCoLC)52853938$z(OCoLC)55621519$z(OCoLC)57045299
050 00 $aQC23.2$b.F58 2005
082 00 $a530$222
084 $a33.00$2bcl
084 $aUC 193$2rvk
100 1 $aFishbane, Paul M.
245 10 $aPhysics for scientists and engineers /$cPaul M. Fishbane, Stephen G. Gasiorowicz, Stephen T. Thornton.
250 $a3rd ed.
260 $aUpper Saddle River, N.J. :$bPearson Prentice Hall,$c©2005.
300 $a3 volumes :$billustrations (some color) ;$c28 cm
336 $atext$btxt$2rdacontent
337 $aunmediated$bn$2rdamedia
338 $avolume$bnc$2rdacarrier
500 $aIncludes indexes.
505 2 $aV. 1. chapters 1-20 -- v. 2. chapters 21-38 -- v. 3. chapters 39-45.
650 0 $aPhysics.
650 6 $aPhysique.
650 7 $aPhysics.$2fast$0(OCoLC)fst01063025
650 17 $aNatuurkunde.$2gtt
700 1 $aGasiorowicz, Stephen.
700 1 $aThornton, Stephen T.
938 $aBaker & Taylor$bBKTY$c115.33$d115.33$i0131418815$n0004310911$sactive
938 $aBaker & Taylor$bBKTY$c56.33$d56.33$i0131418823$n0004310912$sactive
938 $aBaker & Taylor$bBKTY$c115.33$d115.33$i0131418831$n0004310910$sactive
938 $aBaker & Taylor$bBKTY$c174.47$d174.47$i0131420941$n0004310909$sactive
938 $aBaker and Taylor$bBTCP$n2003058209
938 $aYBP Library Services$bYANK$n2148017
029 1 $aAU@$b000024869083
029 1 $aDEBBG$bBV019878895
029 1 $aDEBBG$bBV019878899
029 1 $aNLGGC$b255660987
029 1 $aNZ1$b10764286
029 1 $aNZ1$b7907971
029 1 $aYDXCP$b2076113
029 1 $aYDXCP$b2148013
029 1 $aYDXCP$b2148014
029 1 $aYDXCP$b2148017
994 $aZ0$bP4A
948 $hNO HOLDINGS IN P4A - 99 OTHER HOLDINGS